Shakespeare characters with the most lines - Statistics

General Stats
  • This quiz has been taken 92 times
  • The average score is 9 of 15
Answer Stats
number of lines character % Correct
1495 Hamlet
100%
719 Macbeth
92%
887 Othello
86%
758 King Lear
80%
1171 Richard III
76%
1168 Mark Antony
67%
1916 Henry V
65%
1098 Iago
63%
1681 Sir John Falstaff
59%
897 Coriolanus
39%
728 Marcus Brutus
39%
723 Titus Andronicus
39%
758 Richard II
31%
865 Timon
31%
852 Duke Vicentio
4%
No matching quizzes found
Score Distribution
Percent of People with Each Score
Percentile by Number Answered
Your Score History
You have not taken this quiz